|
|
|
|
| LEADER |
00000naa a2200000uu 4500 |
| 001 |
vtls011051788 |
| 003 |
SK-MaSNL |
| 005 |
20260302113611.0 |
| 008 |
210904|2000 xo |||||||||||||||||eng| |
| 015 |
|
|
|a SNBRA
|
| 035 |
|
|
|a (urnnbn)urn:nbn:sk:snk:ar-a0bv1a
|
| 035 |
|
|
|a (uuid)4eaa13ab-0888-48de-9c99-57bac96e2a24
|
| 035 |
|
|
|a urn:nbn:sk:snk-aav22a
|
| 040 |
|
|
|a SNKBUCL
|b slo
|c SNKBUCL
|e AACR2
|
| 041 |
0 |
|
|a eng
|
| 044 |
|
|
|a xo
|c SK
|
| 100 |
1 |
|
|a Flajžík, Peter
|4 aut
|9 794403
|
| 245 |
1 |
0 |
|a RESONANT SNUBBER WITH AUXILIARY SWITCHES FOR PWM INVERTER
|c Peter Flajžík, Rudolf Krištof, Vladimír Ráček
|
| 700 |
1 |
|
|a Krištof, Rudolf
|4 aut
|9 782747
|
| 700 |
1 |
|
|a Ráček, Vladimír,
|d 1935-
|4 aut
|9 215137
|
| 773 |
0 |
|
|t 9th international conference and exhibition on power electronics and motion control - EPE-PEMC 2000 Košice
|d Košice : Vienala], 2000
|g S. 202-207
|z 8088922194
|
| 958 |
|
|
|a OND
|
| 958 |
|
|
|a article12
|
| 958 |
|
|
|a chapter
|
| 999 |
|
|
|c 1256184
|d 1258114
|